Регионална библиотека "Любен Каравелов" - Русе

Тенис (Запис номер 420100)

MARC детайли
000 -Лидер
Контролно поле с фиксирана дължина nam a22 a 4500
003 - Код на организацията, давaща контролен номер
Контролно поле BLK
005 - Дата и час на последна редакция
Контролно поле 20210616113818.0
008 - Елементи от данни с фиксирана дължина
fixed length control field 210611b bu |||||r|||| 00| 0 bu d
040 ## - Източник на каталожния запис
Идентификатор на билиотеката - собственик на записа BLK
041 ## - Код за език
Код за езика на текст/звукозапис или на отделно заглавие Български
Код за езика КДБФ Български
080 ## - УДК
Текстов определител УДК Тенис. Тенис на маса вж 796.386
УДК код - определител по УДК 796.342
УДК - код + определител 796.342
100 ## - Редна дума - Автор
R(LIN) 458043
Автор Заржецки, Константин Аполонович
Авторска отговорност първи автор
139 ## - Редно поле
Редна дума Заржецки, Константин Аполонович
245 ## - Сведения за заглавието
Заглавие Тенис
Подзаглавни данни Уч. помагало за секциите на физкулт. колективи
Редно поле (дума) К. А. Заржецки ; прев. от рус. Ал. Дичев.
257 ## - Страна на издаване
Страна на създаване/издаване СССР
260 ## - Област на издателските данни
9 (RLIN) 216430
Място на издаване, разпространение и проч. София
Име на издателя, разпространителя и проч. Физкултура
Година на издаване 1951
300 ## - Физическа характеристика
Страници 204 с.
Илюстрации и др. с ил.
Размери/Мащаб 20 см
380 ## - Жанр
Жанр 793/799 Спорт
501 ## - Забележка „подвързано към”
Забележка: Подвързано към... 2 000 тир.
650 #7 - Допълнително описание по предмет – тема
9 (RLIN) 173449
Основно описание – тема или топоним Тенис
852 ## - Местоположение
Форматна сигнатура Цб 7.200.40049
Фондова буква Основен фонд - ползва се само за читалня
999 ## - СИСТЕМНИ КОНТРОЛНИ НОМЕРА
Koha biblionumber 420100
Koha biblioitemnumber 420100
942 ## - АРТИКУЛИ
Вид на библиотечния материал Книги
Скрит в OPAC Не
Периодичен библиозапис Да
944 ## - СЪЗДАВАНЕ И РЕДАКЦИЯ на ЗАПИСА
Създаване/Редакция Създаване
Дата на регистрацията/редакция 2021-06-16
Служител, извършил регистрацията/редакцията Кети
999 ## - СИСТЕМНИ КОНТРОЛНИ НОМЕРА
Koha biblioitemnumber 420018
Наличности
Код за отписване Код за изгубен артикул Източник на класификационната схема Код за повреда Коз за рестрикции Код за отдаване Артикулен № Име на библиотеката - собственик Име на библиотеката, в която се намира в момента Статус (Текущо местоположение) Дата на вписване в системата Местоположение - отдел Цена в лева Инвентарен номер Систематично азбучна сигнатура Баркод Цена в евро Служебен тип на артикула
  Не е изгубен Universal Decimal Classification Не е повреден само за читалня ползва се в читалня 837483 Регионална библиотека "Любен Каравелов" Русе Регионална библиотека "Любен Каравелов" Русе Хранилище 2021-06-17 Основен фонд - ползва се само за читалня 0.16 40049 Цб 7.200.40049 900000064539 0.08 Книги
Vip Innovations Ltd, Rousse, Bulgaria 2025